Vince Vaughn Filmography - Statistics

General Stats
  • This quiz has been taken 159 times
    20 since last reset
  • The average score is 39 of 100
Answer Stats
Type Year Name % Correct
Film 2025 Nonnas
92%
Film 2005 Wedding Crashers
92%
Film 2013 The Internship
85%
Film 2004 DodgeBall: A True Underdog Story
77%
Film 2003 Old School
77%
Film 2004 Anchorman: The Legend of Ron Burgundy
69%
TV Show 1998, 2013 Saturday Night Live
69%
Film 1997 The Lost World: Jurassic Park
69%
Film 2013 Anchorman 2: The Legend Continues
62%
Film 2009 Couples Retreat
62%
Film 2007 Fred Claus
62%
Film 2005 Mr. & Mrs. Smith
62%
Film 2004 Starsky & Hutch
62%
Film 1996 Swingers
62%
Film 2011 The Dilemma
62%
Film 2001 Zoolander
62%
Film 2020 Arkansas
54%
Film 2005 Be Cool
54%
Film 2013 Delivery Man
54%
Film 2019 Fighting with My Family
54%
Film 2020 Freaky
54%
Film 2001 Made
54%
Film 1998 Psycho
54%
Film 2006 The Break-Up
54%
Film 2000 The Cell
54%
Film 2017 Brawl in Cell Block 99
46%
Film 1998 Clay Pigeons
46%
TV Show 2020-2024 Curb Your Enthusiasm
46%
Film 2001 Domestic Disturbance
46%
Film 2018 Dragged Across Concrete
46%
Film 2008 Four Christmases
46%
Film 2016 Hacksaw Ridge
46%
Film 2021 Queenpins
46%
Film 2020 The Binge
46%
Film 1997 The Locusts
46%
Film 2012 The Watch
46%
TV Show 2015 True Detective
46%
Film 2015 Unfinished Business
46%
TV Show 1989 21 Jump Street
38%
TV Show 1990 ABC Afterschool Special
38%
Film 2013 A Case of You
38%
Film 1998 A Cool, Dry Place
38%
Film 1994 At Risk
38%
Film 2003 Blackball
38%
TV Show 1990, 1991 CBS Schoolbreak Special
38%
Video Game 1997 Chaos Island: The Lost World
38%
TV Show 1998 Disney's Hercules: The Animated Series
38%
Music Video 2016 Don't Wanna Know
38%
Film 1991 For the Boys
38%
Film 2005 I Love Your Work
38%
Film 2007 Into the Wild
38%
Film 1996 Just Your Luck
38%
Film 2012 Lay the Favorite
38%
Film TBA Mike & Nick & Nick & Alice
38%
Film 2021 North Hollywood
38%
Film 2004 Paparazzi
38%
Film 1998 Return to Paradise
38%
Film 1993 Rudy
38%
Film 2019 Seberg
38%
TV Show 2000 Sex and the City
38%
Film 2000 South of Heaven, West of Hell
38%
Film 2016 Term Life
38%
Film 2001 The Prime Gig
38%
Film 2005 Thumbsucker
38%
Film 2004 Wake Up, Ron Burgundy: The Lost Movie
38%
Documentary 2012 Art of Conflict
31%
Web Series 2024 Bad Monkey
31%
TV Show 1989 China Beach
31%
Film TBA Dodgeball 2
31%
TV Show 1992 Doogie Howser, M.D.
31%
Film 2025 Easy's Waltz
31%
Web Series 2018 F Is for Family
31%
TV Show 2001 Going to California
31%
Web Series 2021 Immoral Compass
31%
TV Show 1998 Mr. Show with Bob and David
31%
TV Show 2013 Pursuit of the Truth
31%
Film TBA The Bookie & the Bruiser
31%
TV Show 1998 The Larry Sanders Show
31%
Music Video 1998 These Arms
31%
Web Series 2025 Tires
31%
Documentary 2006 Wild West Comedy Show: 30 Days and 30 Nights – Hollywood to the Heartland
31%
Film 2024 IF
15%
Short Film 2017 Play Dodgeball with Ben Stiller
15%
Documentary Series 2016 30 for 30
8%
TV Pilot 1995 77 Sunset Strip
8%
TV Show 2022 All Elite Wrestling: Dynamite
8%
Documentary Series 2010 Biography
8%
Commercial 2022 Caesars Sportsbook
8%
Theater 2016 Canuck Downunder
8%
Commercial 1988 Chevrolet
8%
TV Special 2002 Elvis Lives
8%
Documentary Series 2005, 2007 Getaway
8%
TV Show 1990 Nasty Boys
8%
Film 2003 Pauly Shore Is Dead
8%
TV Special 2016 Red Nose Day
8%
TV Show 2003, 2005 Reel Comedy
8%
TV Short 2000 Sex and the Matrix
8%
Documentary 2016 The 2016 World Series
8%
TV Special 2017 The Big Fat Quiz of the Year
8%
TV Documentary 2017 The Words That Built America
8%
No matching quizzes found
Score Distribution
Percent of People with Each Score
Percentile by Number Answered
Your Score History
You have not taken this quiz since the last reset